UBT Library

LES CHEMINS DE L'AMOUR (Record no. 59872)

000 -LEADER
fixed length control field 00313nam a22001457a 4500
008 - FIXED-LENGTH DATA ELEMENTS--GENERAL INFORMATION
fixed length control field 230529b ||||| |||| 00| 0 eng d
020 ## - INTERNATIONAL STANDARD BOOK NUMBER
International Standard Book Number 9782915521894
041 ## - LANGUAGE CODE
Language code of text/sound track or separate title FRA
080 ## - UNIVERSAL DECIMAL CLASSIFICATION NUMBER
Universal Decimal Classification number 82
082 ## - DEWEY DECIMAL CLASSIFICATION NUMBER
Classification number 82DEB
100 ## - Rafti
Rafti 38
101 ## - Shkurtesa
Shkurtesa GJL
245 ## - TITLE STATEMENT
Title LES CHEMINS DE L'AMOUR
Statement of responsibility, etc DEBORDES.J
942 ## - ADDED ENTRY ELEMENTS (KOHA)
Source of classification or shelving scheme
Item type Books
Holdings
Withdrawn status Lost status Source of classification or shelving scheme Damaged status Not for loan Collection code Permanent location Current location Date acquired Total Checkouts Full call number Barcode Date last seen Price effective from Koha item type
          Koleksioni i përgjithshem UBT - Lipjan UBT - Lipjan 05/29/2023   82DEB 002-800080436 05/29/2023 05/29/2023 Books
UBT Library © 2015-2024. All rights reserved University Education for Business and Technology